[Event "2021 WA Open"]
[Site "Leeming, Perth WA"]
[Date "2021.06.27"]
[Round "7"]
[White "Stassen, Walter"]
[Black "Laubbacher, Jamie"]
[Result "0-1"]
[WhiteElo "1965"]
[BlackElo "2196"]
[EventDate "2021.05.16"]

1.d4 d5 2.Bf4 Nf6 3.e3 c5 4.c3 Nc6 5.Nd2 Bf5 6.Be2 e6 7.Ngf3 h6 8.Qb3 Qb6 
9.Ne5 c4 10.Qxb6 axb6 11.O-O b5 12.a3 Be7 13.g4 Bh7 14.h4 Nxe5 15.Bxe5 Bd3
16.Bxd3 cxd3 17.Bxf6 gxf6 18.f4 Rg8 19.g5 fxg5 20.hxg5 hxg5 21.f5 Kd7 22.
fxe6+ fxe6 23.Rf7 Raf8 24.Raf1 Rxf7 25.Rxf7 Kd6 26.e4 g4 27.e5+ Kd7 28.Kg2
Ke8 29.Rf2 Bh4 30.Rf4 Bg5 31.Rxg4 Kf7 0-1

[Event "2021 WA Open"]
[Site "Leeming, Perth WA"]
[Date "2021.06.27"]
[Round "7"]
[White "Gough, Dylan"]
[Black "Ong, Celine"]
[Result "0-1"]
[WhiteElo "1672"]
[BlackElo "1061"]
[EventDate "2021.05.16"]

1.d4 d5 2.e3 Nf6 3.Bd3 c5 4.c3 Nc6 5.f4 Bg4 6.Be2 Bxe2 7.Qxe2 e6 8.Nf3 Bd6
9.Nbd2 Qc7 10.Ne5 Ne4 11.O-O f6 12.Qh5+ g6 13.Nxg6 Qf7 14.Nxe4 dxe4 15.f5 
e5 16.dxc5 Bxc5 17.Qh3 Rg8 18.Nh4 O-O-O 19.b4 Bb6 20.a4 a5 21.b5 Ne7 22.
Ba3 Nd5 23.c4 Nf4 24.Rxf4 exf4 25.c5 Bc7 26.exf4 Rd3 27.g3 Qb3 28.Ng2 Rd1+
29.Rxd1 Qxd1+ 30.Kf2 Qc2+ 31.Kg1 Rd8 32.Ne3 Qc3 33.Nf1 Bxf4 34.Qg4 Be3+ 
35.Kg2 Qxa3 36.Qxe4 Qb2+ 37.Kh3 Bxc5 38.Qe6+ Kb8 39.Qc4 Qe5 40.g4 Qd5 41.
Qf4+ Bd6 42.Qf2 Qb3+ 43.Kh4 Qxa4 44.b6 Rg8 45.h3 Qf4 0-1

[Event "2021 WA Open"]
[Site "Leeming, Perth WA"]
[Date "2021.06.27"]
[Round "7"]
[White "Yeung, Evan"]
[Black "Roebuck, Derek"]
[Result "1/2-1/2"]
[WhiteElo "1664"]
[BlackElo "1801"]
[EventDate "2021.05.16"]

1.d4 d5 2.Nf3 Nf6 3.c4 c6 4.Nc3 dxc4 5.a4 Bf5 6.Ne5 Nbd7 7.Nxc4 Qc7 8.g3 
e5 9.dxe5 Nxe5 10.Bf4 Nfd7 11.Bg2 f6 12.O-O g5 13.Ne3 Be6 14.Bxe5 Qxe5 15.
Qc2 Bc5 16.Ned1 f5 17.e3 O-O 18.Ne2 a5 19.Ndc3 Rfd8 20.Rfd1 Bb6 21.Nd4 
Bxd4 22.Rxd4 Nb6 23.Rad1 Qf6 24.Ne2 Nd5 25.R4d2 Nb4 26.Qc3 1/2-1/2

[Event "2021 WA Open"]
[Site "Leeming, Perth WA"]
[Date "2021.06.27"]
[Round "7"]
[White "Gupta, Aarnav"]
[Black "Hurst, Benjamin"]
[Result "1-0"]
[WhiteElo "810"]
[BlackElo "1780"]
[EventDate "2021.05.16"]

1.d4 Nf6 2.Bf4 d5 3.e3 e6 4.Bd3 Bd6 5.Bg3 Bxg3 6.hxg3 Nc6 7.Nf3 Qe7 8.Nbd2
Bd7 9.Nb3 e5 10.dxe5 Nxe5 11.Nxe5 Qxe5 12.c3 b6 13.Nd4 c5 14.Nf3 Qe7 15.
Qd2 c4 16.Bc2 O-O 17.O-O-O a5 18.Rh4 Bg4 19.Rdh1 h5 20.Qd4 Bxf3 21.gxf3 
Qe6 22.g4 g5 23.Bf5 Qd6 24.R4h3 h4 25.f4 Ne4 1-0

[Event "2021 WA Open"]
[Site "Leeming, Perth WA"]
[Date "2021.06.27"]
[Round "7"]
[White "Gunawan, Tjermin"]
[Black "Elkington, Derek"]
[Result "1/2-1/2"]
[WhiteElo "1818"]
[BlackElo "1895"]
[EventDate "2021.05.16"]

1.d4 Nf6 2.c4 g6 3.Nc3 Bg7 4.e4 d6 5.Be2 O-O 6.Nf3 e5 7.d5 a5 8.Bg5 h6 9.
Bd2 Na6 10.O-O Nc5 11.Qc2 Bd7 12.Ne1 Qe7 13.f3 Nh5 14.Qc1 Kh7 15.Nd3 b6 
16.Nxc5 bxc5 17.a4 f5 18.Nb5 c6 19.dxc6 Bxc6 20.Nc3 Nf4 21.Qe1 Ne6 22.Bd3 
Nd4 23.Qd1 Bf6 24.Nb5 Bg5 25.Nxd4 cxd4 26.Re1 Bxd2 27.Qxd2 f4 28.b3 g5 29.
h3 h5 30.Be2 Rfb8 31.Qd3 Bd7 32.Rab1 Rg8 33.Qd1 Rab8 34.Rf1 Rb4 35.Kf2 g4 
36.Ke1 gxh3 37.gxh3 Rg2 38.Kd2 h4 39.Rh1 Qg5 40.Kd3 Qg3 41.Qe1 Kh6 42.Qxg3
Rxg3 43.Rh2 Bxa4 44.Bd1 Rg1 45.Ke2 Rxd1 46.Kxd1 Bxb3+ 47.Kd2 a4 48.Kc1 
Rxc4+ 49.Kb2 Rc3 50.Rf2 a3+ 51.Ka1 a2 52.Rg1 d5 53.Rff1 dxe4 54.fxe4 Be6 
55.Rc1 Bxh3 56.Rxc3 dxc3 57.Kxa2 Be6+ 58.Kb1 f3 59.Kc2 Kh5 60.Kxc3 Bg4 61.
Kd2 h3 62.Ke1 Kh4 63.Kf2 h2 64.Rc1 Bh5 65.Rh1 Kh3 66.Re1 Kh4 67.Rh1 
1/2-1/2

[Event "2021 WA Open"]
[Site "Leeming, Perth WA"]
[Date "2021.06.27"]
[Round "7"]
[White "Sheridan, Wallace"]
[Black "Muruganandam, Virudhagiri"]
[Result "0-1"]
[WhiteElo "1699"]
[BlackElo "1326"]
[EventDate "2021.05.16"]

1.d4 Nf6 2.Nf3 d5 3.e3 c5 4.c3 c4 5.b3 b5 6.a4 Bd7 7.axb5 Bxb5 8.bxc4 dxc4
9.Bxc4 Bc6 10.Nbd2 e6 11.O-O Be7 12.Ba3 O-O 13.Ne5 Bb7 14.Qb3 Bc8 15.Be2 
Bxa3 16.Rxa3 Nbd7 17.Nc6 Qc7 18.Bf3 Kh8 19.Qa2 a6 20.Rc1 Bb7 21.Nb4 Bxf3 
22.Nxf3 a5 23.Nd3 Ra7 24.c4 Rfa8 25.c5 Qc6 26.Nfe5 Nxe5 27.Nxe5 Qc7 28.Rb1
Nd5 29.Qc4 f6 30.Nd3 Qc6 31.e4 Nc7 32.f3 h6 33.Rb6 Qe8 34.Nf4 Ra6 35.d5 
Qd8 36.Rd3 e5 37.Rxa6 Nxa6 38.Ne6 Qd7 39.c6 Qa7+ 40.Kf1 Rb8 41.Rd1 Rb2 42.
Nd4 Rb4 43.Qxb4 axb4 44.d6 exd4 45.d7 Qc7 46.Rxd4 Qd8 47.f4 Kg8 48.e5 fxe5
49.fxe5 Nc7 50.Rxb4 Ne6 51.Rb3 Qc7 0-1

[Event "2021 WA Open"]
[Site "Leeming, Perth WA"]
[Date "2021.06.27"]
[Round "7"]
[White "Gao, Oscar"]
[Black "Kinsman, Craig"]
[Result "0-1"]
[WhiteElo "1859"]
[BlackElo "2127"]
[EventDate "2021.05.16"]

1.e4 c5 2.Nf3 d6 3.d4 cxd4 4.Nxd4 Nf6 5.Nc3 a6 6.Be2 e5 7.Nb3 Be7 8.Be3 
Be6 9.Nd5 Nxd5 10.exd5 Bf5 11.Qd2 Nd7 12.O-O Rc8 13.c4 O-O 14.Na5 Qc7 15.
b4 Nb8 16.Rfd1 b6 17.Nb3 Nd7 18.c5 b5 19.Rac1 Nf6 20.f3 Rfd8 21.c6 Re8 22.
Na5 e4 23.a4 exf3 24.gxf3 Bd8 25.Bf2 Re5 26.Qa2 Qe7 27.Bf1 Nxd5 28.Rxd5 
Qg5+ 29.Bg3 Qxc1 30.Bxe5 dxe5 31.Qd2 Bb6+ 32.Kg2 Bh3+ 33.Kxh3 Qxf1+ 34.Qg2
Qc1 35.Qd2 Qxd2 36.Rxd2 bxa4 37.Nc4 Bd4 38.Kg4 Rxc6 39.Nxe5 h5+ 40.Kf5 
Rf6+ 41.Ke4 Bxe5 42.Kxe5 Rxf3 43.Kd5 a3 44.Kc5 Rb3 45.Rd8+ Kh7 46.Ra8 Rh3 
47.Rxa6 Rxh2 48.Rxa3 Rb2 49.b5 h4 50.b6 g5 51.Kc6 g4 52.b7 h3 53.Ra5 Rxb7 
54.Kxb7 Kg6 55.Ra6+ Kg5 56.Ra5+ f5 57.Kc6 h2 58.Ra1 g3 59.Kd5 g2 0-1

[Event "2021 WA Open"]
[Site "Leeming, Perth WA"]
[Date "2021.06.24"]
[Round "7"]
[White "King, David"]
[Black "Hernandez Mendez, Iker"]
[Result "1-0"]
[WhiteElo "1908"]
[BlackElo "1419"]
[EventDate "2021.05.16"]

1.e4 c5 2.Nf3 d6 3.d4 cxd4 4.Nxd4 Nf6 5.Nc3 g6 6.Be3 Bg7 7.f3 O-O 8.Qd2 
Nc6 9.O-O-O d5 10.exd5 Nxd5 11.Nxc6 bxc6 12.Bd4 e5 13.Bc5 Be6 14.Ne4 Re8 
15.h4 Rb8 16.h5 f5 17.Nd6 e4 18.Nc4 e3 19.Qe1 Qg5 20.Be2 Qf4 21.hxg6 Qxc4 
22.gxh7+ Kf7 23.Bxc4 Bxb2+ 24.Kb1 Nc3+ 25.Qxc3 Bxc3+ 26.Bb3 Bxb3 27.cxb3 
e2 28.Rd7+ Ke6 29.Rd6+ Ke5 30.f4+ Kxf4 31.g3+ Kg4 32.Bf2 e1=Q+ 33.Bxe1 
Rxe1+ 34.Rxe1 Bxe1 35.Rg6+ Kh5 36.Rg8 1-0

[Event "2021 WA Open"]
[Site "Leeming, Perth WA"]
[Date "2021.06.27"]
[Round "7"]
[White "Dharmapuri, Kundan"]
[Black "Falasca, Valerio"]
[Result "1/2-1/2"]
[WhiteElo "1526"]
[BlackElo "2104"]
[EventDate "2021.05.16"]

1.e4 c5 2.Nf3 Nc6 3.d4 cxd4 4.Nxd4 Nf6 5.Nc3 e5 6.Ndb5 d6 7.Nd5 Nxd5 8.
exd5 Nb8 9.c3 Be7 10.Be3 a6 11.Na3 O-O 12.g4 Bg5 13.Nc4 Bxe3 14.Nxe3 f5 
15.gxf5 Bxf5 16.Nxf5 Rxf5 17.Bd3 Rf4 18.Qh5 e4 19.Be2 Nd7 20.O-O-O Rxf2 
21.Rdf1 Nf6 22.Qg5 h6 23.Qg6 Rxf1+ 24.Rxf1 Qe7 25.Rg1 Kh8 26.c4 Rf8 27.h3 
Nd7 28.Bg4 Rf6 29.Qh5 Ne5 30.Bf5 Nd3+ 31.Kd2 Nf4 32.Qg4 e3+ 33.Ke1 Qf7 
1/2-1/2

[Event "WA Championshop"]
[Site "Perth"]
[Date "2021.06.27"]
[Round "7"]
[White "Clarke, Daniel"]
[Black "McAteer, Ian"]
[Result "0-1"]
[WhiteElo "1599"]
[BlackElo "1854"]
[EventDate "2021.??.??"]
[Annotator "McAteer,Ian"]
[PlyCount "76"]

1.e4 c6 2.d4 d5 3.Nc3 dxe4 4.Nxe4 Nf6 5.Nxf6+ exf6 {A bit of a side line 
but some interesting ideas have been suggested by Irish IM Alex 
Astaneh-Lopez.} 6.c3 {Except when this happens of course. I hate it when 
they go straight for h7.} 6...Bd6 7.Bd3 O-O 8.Qc2 h5 {And this is where I 
got my lines mixed up. Correct is:} ( 8...Re8+ 9.Ne2 h5 ) 9.Be3 Qa5 {Don't
ask. I guess I just didn't want him to castle queen side.} 10.Ne2 {[%emt 
0:00:00]} 10...Be6 {[%emt 0: 00:00]} 11.O-O Qc7 12.f4 {A bit of a shock. I
was already wondering what my h-pawn was doing and now it seemed like it 
was going to get very lonely. Our silican overlords aren't worried and 
suggest12...c5 but instead I shot out:} 12...Bg4 13.h3 Bxe2 14.Qxe2 {That 
pawn is definitely looking lonely now.} 14...g6 15.f5 Kg7 16.Qc2 {A bit of
a respite but that h pawn is going to get lonely again.} 16...g5 17.Rae1 {
I was pretty sure that this wasn't correct. I had expected:} ( 17.Qd2 {
threatening the sac on g4} 17...Kh6 18.h4 Rg8 {which is what ended up 
happening but without the loss of tempo moving the rook to e1.} ) 17...Nd7
( {I was looking at} 17...Bg3 {which is Fritz's suggestion. I my mind I 
was thinking "surely this lazy knight needs to get closer to the action". 
Still not great but a lot better than what I did.} ) 18.Qd2 Kh6 19.h4 Rg8 
20.hxg5+ fxg5 21.f6 {This is crushing now but Daniel had spent quite a lot
of time and I think this started to cost him around now.} 21...Nf8 22.Rf5 
Ne6 23.Ref1 {There's the lost tempo. The second move of this rook. Still 
crushing though.} 23...Rae8 24.R1f3 {At this point I thought that the 
lonely old h pawn was toast. Qd1 is suggested by Fritz as the start of a 
build up. I was also worried about} ( 24.Bc4 {threating to remove one of 
the defenders of g5 and x-raying f7. I was imagining some crazy defence 
with:} 24...Bf4 25.Bxf4 Nxf4 26.R5xf4 gxf4 27.Rxf4 Rg5 {which Fritz is 
suggesting is equal.} ) 24...b5 {Shutting down that Bc4 move ( not that it
was anything to worry about, so it turns out ) but also hoping that Daneil
would move something and allow me to plonk something on f4. Fritz is 
laughing his head off at this point.} 25.g4 {Seriously? I had expected} ( 
25.Rh3 {which is goodnight Vienna. It's still terrible but life goes on. 
Just.} ) 25...h4 26.Rh3 Bg3 {Only-moves to prolong things. Hopeless. But 
Daniel was down below 5 minutes by now and there are still things to 
calculate. We are moderate strength players so maybe a blunder will 
appear.} 27.Rf3 Bf4 {Oops. Mate in 6. Should have put the knight there.} 
28.Rxh4+ gxh4 {Well it wasn't the forced mate sequence and at least I will
die with a full stomach.} 29.Rxf4 Ng5 30.Qf2 {The blunder I'd been playing
for! I had seenWhen Qf2 appeared I doffed my cap to Daniel as he cleverly 
avoided my losing sequence! I was tossing up between resigning on the spot
and playing Rxe3 to die with a really full stomach. Although Daniel maybe 
thought that I was calculating the ramifications after the check and queen
capture, the reality is that it took me 3 or 4 minutes to realize that it 
was a check. Without any further calculation I played the only move:} ( 
30.Qh2 {and thought that} 30...h3 {kept something alive but it is a forces
mate too of course:} 31.Qg3 ) 30...Nh3+ 31.Kf1 {I paused here wondering if
there was still a mate even with the queen off but what the heck, better 
fill that stomach some more.} 31...Nxf2 32.Rf5+ {A good move. Of course} (
32.Rxf2+ Rxe3 ) 32...Rg5 ( {Not} 32...Rxe3 33.Rh5# ) ( {Or} 32...Kh7 33.
Rh5# ) 33.Bxg5+ {The text allows the king to squirm away as the knight can
deal with any discovered check while the queen is miracously sheltered 
from the rook.} ( 33.Rxg5 {and Fritz announces a draw by repetition, 
although I'm sure I wouldn't have found:} 33...Nxg4 34.Rg6+ Kh5 35.Rg5+ {
etc.} ) ( {Surely on} 33.Rxg5 {I would have played} 33...Nxd3 {and allowed
the mate} 34.Rh5+ Kg6 35.Rh6# ) 33...Kg6 34.Bf4 {I was laughing to myself 
at this point, still thinking that I was lost. I had expected} ( 34.Kxf2 {
when I thought that maybe the queen could do some damage with} 34...Qh2+ {
and which Fritz tells me is actually won with} 35.Kf1 Qh3+ 36.Kg1 Re1+ 37.
Rf1+ {etc.} ) 34...Qxf4 {I played this without realizing that I was ending
up a piece up. I just couldn't see anything else. When the smoke cleared I
was amazed.} 35.Rxf4+ Nxd3 36.Rf3 Nxb2 37.Kg2 Nc4 38.Kf2 ( 38.Kh3 Re3 ) 
38...Re6 {An undeserved win. Daniel was below 2 minutes when he played 30.
Qf2 to turn the game. It was still drawn even at that point, with so many 
pins that I could easily have blundered a mate back, but I managed to 
wriggle out. Insane.} 0-1

[Event "2021 WA Open"]
[Site "Leeming, Perth WA"]
[Date "2021.06.27"]
[Round "7"]
[White "Falasca, Marco"]
[Black "Al-Shabib, Whamid"]
[Result "1-0"]
[WhiteElo "1591"]
[BlackElo "1533"]
[EventDate "2021.05.16"]

1.e4 d6 2.d4 Nf6 3.Nc3 c6 4.Nf3 Qa5 5.Bd2 Qc7 6.Bd3 e5 7.dxe5 dxe5 8.h3 h6
9.Qe2 Bd6 10.Bc4 b5 11.Bb3 Na6 12.a3 Nc5 13.Ba2 a5 14.b4 axb4 15.axb4 Ne6 
16.Nd1 Ra4 17.Nb2 Ra6 18.O-O Qa7 19.Be3 Qa8 20.Bxe6 Rxa1 21.Bxc8 Rxf1+ 22.
Qxf1 Qxc8 23.Nd3 O-O 24.Nfxe5 Bxe5 25.Nxe5 Nxe4 26.Qd3 Nf6 27.Qc3 Nd5 28.
Qc5 Nxe3 29.Nxc6 Nf5 30.g4 Qd7 31.gxf5 Re8 32.Nd4 Re1+ 33.Kg2 Qe7 34.Qxb5 
Qe4+ 35.Nf3 Re2 36.c4 Rb2 37.Qc5 Rb3 38.Qd5 Qxd5 39.cxd5 Rxb4 40.d6 Rb7 
41.Ne5 f6 42.d7 Rb8 43.Nc6 Ra8 44.d8=Q+ Rxd8 45.Nxd8 Kf8 46.Ne6+ Kf7 47.
Nf4 Ke7 48.Nh5 Kf7 49.Nf4 Ke7 50.Kg3 Kf7 51.Kg4 Kg8 52.Kh5 Kh7 53.Ne6 Kh8 
54.Kg6 1-0

[Event "2021 WA Open"]
[Site "Leeming, Perth WA"]
[Date "2021.06.27"]
[Round "7"]
[White "Saxon, Marc"]
[Black "Andador, Dominador"]
[Result "0-1"]
[WhiteElo "1793"]
[BlackElo "2124"]
[EventDate "2021.05.16"]

1.e4 d6 2.d4 Nf6 3.Nc3 g6 4.f3 c6 5.Be3 Bg7 6.Qd2 b5 7.O-O-O Qa5 8.a3 Nbd7
9.h4 h5 10.d5 Bb7 11.dxc6 Bxc6 12.Nxb5 Qxd2+ 13.Bxd2 Rb8 14.Nd4 Nxe4 15.
Nxc6 Bxb2+ 16.Kb1 Nxd2+ 17.Rxd2 Rb6 18.Nb4 Bxa3 19.c3 a5 20.Ka2 axb4 21.
cxb4 Bxb4 22.Rb2 O-O 23.Ne2 Nc5 24.Nc3 Ra8+ 25.Kb1 Ra1+ 26.Kc2 Ba5 27.Rxb6
Bxb6 28.Nd5 Bd8 29.Nf4 Ra4 30.Nd3 Ne6 31.Nb2 Ra1 32.Nc4 Nd4+ 33.Kc3 Ne2+ 
34.Kb2 Re1 35.g4 Ng3 36.Rg1 Nxf1 37.gxh5 Re2+ 38.Kc3 Rf2 39.hxg6 Rxf3+ 40.
Kd4 Ng3 41.gxf7+ Kxf7 42.Kd5 Rf5+ 43.Kc6 Rc5+ 44.Kd7 Rxc4 45.Rxg3 Ba5 46.
Rf3+ Kg6 47.Kxe7 Bb4 48.Ke6 Bc5 49.Rg3+ Kh5 50.Kf5 Kxh4 51.Rg8 Kh3 52.Rg5 
Rc3 53.Ke4 Rg3 54.Rf5 Kg2 55.Rd5 Re3+ 56.Kf4 Kf2 57.Rd2+ Re2 58.Rd3 Ke1 
59.Kf3 Rd2 60.Rb3 d5 61.Rc3 Bg1 62.Rc1+ Rd1 63.Rc2 Rd3+ 64.Kf4 Be3+ 65.Kf3
Bd2+ 66.Kg2 d4 67.Ra2 Bc3 68.Ra8 Re3 69.Rf8 Re2+ 70.Kg1 d3 71.Rf1+ Kd2 72.
Rf3 Bd4+ 73.Kh1 Re1+ 74.Kh2 Ke2 0-1

[Event "2021 WA Open"]
[Site "Leeming, Perth WA"]
[Date "2021.06.22"]
[Round "7"]
[White "Hintz, Steven"]
[Black "Zhang, Emily"]
[Result "1/2-1/2"]
[WhiteElo "1472"]
[BlackElo "1042"]
[EventDate "2021.05.16"]

1.e4 e5 2.Nf3 Nc6 3.Bb5 a6 4.Ba4 Bc5 5.O-O d6 6.h3 Nf6 7.d3 h6 8.c3 O-O 9.
Re1 b5 10.Bc2 Re8 11.Nbd2 Bb6 12.Nf1 Be6 13.Ng3 Nh7 14.d4 exd4 15.cxd4 Bd7
16.a3 Qf6 17.Be3 Ng5 18.Bxg5 hxg5 19.Ne2 g4 20.hxg4 Bxg4 21.Qd3 Bxf3 22.
gxf3 Nxd4 23.Nxd4 Bxd4 24.Rab1 Bxb2 25.Kg2 Qc3 26.Qxc3 Bxc3 27.Re3 Bd4 28.
Reb3 Re6 29.a4 c6 30.Rd3 Bc5 31.Bb3 Rg6+ 32.Kf1 Re8 33.Ra1 Rh6 34.Rdd1 Rh2
35.Ra2 bxa4 36.Bxa4 Rc8 37.Rdd2 Rb8 38.Rdb2 Rxb2 39.Rxb2 Bd4 40.Ra2 c5 41.
Kg1 Rh6 42.Bb3 Rg6+ 43.Kf1 Rh6 44.Rxa6 Be5 45.Ra8+ Kh7 46.Bxf7 Rh1+ 47.Kg2
Ra1 48.Rxa1 Bxa1 49.f4 g6 50.Kf3 Kg7 51.Bc4 Kf6 52.Kg4 Bd4 53.f3 Be3 54.
Bd5 1/2-1/2

[Event "2021 WA Open"]
[Site "Leeming, Perth WA"]
[Date "2021.06.27"]
[Round "7"]
[White "Gupta, Anoushka"]
[Black "Lintern, Melvyn"]
[Result "1-0"]
[WhiteElo "414"]
[BlackElo "1573"]
[EventDate "2021.05.16"]

1.e4 e5 2.Nf3 Nc6 3.Nc3 Bc5 4.Bb5 a6 5.Bxc6 dxc6 6.d3 Bg4 7.h3 Bh5 8.g4 
Bg6 9.Qe2 f6 10.Nh4 Bf7 11.f4 g6 12.g5 exf4 13.Bxf4 fxg5 14.Be5 Nf6 15.Rf1
Be7 16.Nf3 h6 17.O-O-O Qd7 18.Qg2 O-O-O 19.Nxg5 hxg5 20.Bxf6 Bxf6 21.Rxf6 
Rdf8 22.Rdf1 Qe7 23.Qf3 Rh7 24.e5 Qxe5 25.Qg4+ Kb8 26.Ne4 Ka7 27.Nxg5 Bxa2
28.Rxf8 Qe3+ 29.Kd1 Re7 30.Qg1 1-0

[Event "2021 WA Open"]
[Site "Leeming, Perth WA"]
[Date "2021.06.27"]
[Round "7"]
[White "Hare, Tim"]
[Black "Fu, Yihe (Rebo)"]
[Result "0-1"]
[WhiteElo "2175"]
[BlackElo "2140"]
[EventDate "2021.05.16"]

1.Nf3 d5 2.g3 Nf6 3.Bg2 e6 4.d3 Be7 5.O-O b6 6.Nbd2 Bb7 7.Ne5 Nbd7 8.Ndf3 
c5 9.c3 O-O 10.a4 Bd6 11.Nxd7 Nxd7 12.d4 Re8 13.Bf4 Qc7 14.Bxd6 Qxd6 15.
Qd2 e5 16.dxe5 Nxe5 17.Nxe5 Qxe5 18.e3 Rad8 19.Rfd1 Rd6 20.a5 Red8 21.axb6
axb6 22.Ra7 Bc8 23.Ra8 Bg4 24.Rxd8+ Rxd8 25.Ra1 g6 26.Ra4 Be6 27.h4 Rb8 
28.Ra7 Rd8 29.Ra4 Rd6 30.f4 Qh5 31.e4 Rd7 32.e5 Kg7 33.Kf2 Qf5 34.Bf3 Qh3 
35.Bg2 Qf5 36.Kg1 Qb1+ 37.Kh2 b5 38.Ra6 d4 39.cxd4 Rxd4 40.Qc3 Rd3 41.Ra1 
Rxc3 42.Rxb1 Rc2 43.Kg1 Ba2 44.Rd1 Rxb2 45.Be4 Be6 46.h5 c4 47.hxg6 hxg6 
48.Rc1 b4 49.g4 c3 50.f5 gxf5 51.gxf5 Bc4 52.f6+ Kh6 53.Bf5 Kg5 54.Bh7 Re2
0-1

[Event "2021 WA Open"]
[Site "Leeming, Perth WA"]
[Date "2021.06.27"]
[Round "7"]
[White "Gong, Patrick"]
[Black "Hardegen, Kathryn"]
[Result "1-0"]
[WhiteElo "2483"]
[BlackElo "2124"]
[EventDate "2021.05.16"]
[FlipB "1"]

1.Nf3 Nf6 2.g3 g6 3.c4 Bg7 4.d4 d5 5.cxd5 Nxd5 6.e4 Nf6 7.Nc3 c6 8.Bg2 O-O
9.O-O Na6 10.h3 h6 11.Be3 Kh7 12.Rc1 Be6 13.Ne5 Bc8 14.f4 Nd7 15.Nf3 e6 
16.e5 Nb6 17.Ne4 Nd5 18.Bf2 Bd7 19.a3 Nac7 20.Qc2 b6 21.h4 h5 22.Nfg5+ Kg8
23.Bf3 Ne7 24.Bxh5 Ncd5 25.Nd6 Bh6 26.Bf3 Kg7 27.Qd2 Nf5 28.Nde4 Rh8 29.
Kg2 Rc8 30.Rh1 Bxg5 31.hxg5 Qc7 32.g4 Nfe7 33.Nf6 Qb7 34.Rh6 Rxh6 35.gxh6+
Kh8 36.Ne4 Rf8 37.Bh4 Ng8 38.Nd6 Qb8 39.Bxd5 exd5 40.f5 Kh7 41.Rf1 c5 42.
Nxf7 gxf5 43.Ng5+ Kh8 44.h7 Nh6 45.e6 Be8 46.Bg3 1-0